000 00580nam a22001937a 4500
999 _c6759
_d6759
003 OSt
005 20210209152213.0
008 210209b ||||| |||| 00| 0 eng d
020 _a0714647640
040 _cDDC
082 _a363.7DIL 1998
100 _aEdited by Baker,Susan;Jehlicka,petr;
_913865
245 _aDilemmas of Transition.
_bThe environment ,Democracy and economic Reforms in East Central Europe;
260 _aLondon,
_bFrank CASS
_c1998
300 _a214p;
_bill;
_c22cm.
504 _aincludes index
650 _aDevelopment studies
_95876
942 _2ddc
_cO_SHELF